Príspevok k formovaniu hospodárskej a priemyselnej politiky SR

Rozhodovanie o výbere najvhodnejšieho modelu, alebo najvhodnejšieho výberu konkrétnych taktických prvkov riadenia budúceho úspešného vývoja hospodárstva a spoločnosti. Koncipovanie zámerov národohospodárskej stratégie a politiky SR. Jednotlivé úlohy v daných etapách a praktické kroky. Základné zamer...

ver descrição completa

Na minha lista:
Detalhes bibliográficos
Autor principal: Lednár, Štefan
Formato: Capítulo de Livro
Idioma:eslovaco
Assuntos:
Tags: Adicionar Tag
Sem tags, seja o primeiro a adicionar uma tag!

MARC

LEADER 00000naa a2200000 4500
001 r046083
005 20231002121518.8
041 0 |a slo 
044 |a SK 
245 1 0 |a Príspevok k formovaniu hospodárskej a priemyselnej politiky SR  |c Štefan Lednár 
520 |a Rozhodovanie o výbere najvhodnejšieho modelu, alebo najvhodnejšieho výberu konkrétnych taktických prvkov riadenia budúceho úspešného vývoja hospodárstva a spoločnosti. Koncipovanie zámerov národohospodárskej stratégie a politiky SR. Jednotlivé úlohy v daných etapách a praktické kroky. Základné zameranie činnosti v hospodárskej činnosti. Rozhodujúce úlohy štátu v rozvojových aktivitách hospodárstva SR. Súbor krátkodobých operatívnych úloh a opatrení. Princíp uplatnenia offsetových programov. Základné pojmy. 
610 2 0 |a politika hospodárska 
610 2 0 |a politika priemyselná 
610 2 0 |a Slovensko 
610 2 0 |a rozvoj hospodársky 
610 2 0 |a koncepcie 
610 2 0 |a modely 
610 2 0 |a stratégia hospodárska 
610 2 0 |a aktivita hospodárska 
610 2 0 |a projekty 
610 2 0 |a programy 
610 2 0 |a rast hospodársky 
100 1 |a Lednár, Štefan